Acesso à justiça e cidadania / (Record no. 374)

MARC details
000 -LÍDER
Campo Fixo de Controle 00645nam a2200241 a 4500
001 - NÚMERO DE CONTROLE
Campo de Controle 374
003 - IDENTIFICAÇÃO DO NÚMERO DE CONTROLE
Campo de Controle BR-CuiBMT
005 - DATA E HORA DA ÚLTIMA ATUALIZAÇÃO
Campo de Controle 20231103002237.0
008 - DADOS FIXOS
Dados Fixos 231101s2002 mtb 000 0 por d
020 ## - INTERNATIONAL STANDARD BOOK NUMBER
Nº do ISBN 8532700837
040 ## - AGÊNCIA CATALOGADORA
Código da Agência Catalogadora BR-CuiBMT
Agência que transcreveu o registro BR-CuiBMT
080 ## - Nº DA CLASSIFICAÇÃO DECIMAL UNIVERSAL
Nº Class. CDU 342.71
Nº edição CDU 2007
090 ## - NÚMERO DE CHAMADA
Nº classificação 342.71
Cutter C425a
100 1# - ENTRADA PRINCIPAL -- AUTOR PESSOAL
Nome pessoal Cezar, Alexandre
245 0# - TÍTULO PRINCIPAL
Título principal Acesso à justiça e cidadania /
Indicação de responsabilidade Alexandre Cezar.
260 ## - PUBLICAÇÃO, DISTRIBUIÇÃO, ETC.
Local de publicação Cuiabá :
Editora EdUFMT,
Data 2002.
300 ## - DESCRIÇÃO FÍSICA
N. páginas ou volumes 140 p. :
Dimensões 21 cm
504 ## - NOTA DE BIBLIOGRAFIA, ETC.
Nota de bibliografia Inclui bibliografia.
650 ## - ASSUNTO TÓPICO
Cabeçalho tópico ou nome geográfico Cidadania
650 ## - ASSUNTO TÓPICO
Cabeçalho tópico ou nome geográfico Acesso à justiça
Subdivisão geral História
650 ## - ASSUNTO TÓPICO
Cabeçalho tópico ou nome geográfico Acesso à justiça
Subdivisão geográfica Brasil
942 ## - ELEMENTOS DE ENTRADA ADICIONAIS (KOHA)
Fonte de classificação ou esquema de arquivamento Classificação Decimal Universal
Tipo de item do Koha Livros
Holdings
Estado: removido Estado: perdido Fonte de classificação ou esquema de arquivamento Estado: danificado Indisponível para empréstimo Localização permanente Localização atual Data de aquisição Total Checkouts Número de Chamada completo Código de barras Date last seen Número do exemplar Preço efetivo a partir de Tipo de item (Koha)
    Classificação Decimal Universal     Biblioteca da Escola Superior de Contas do TCE/MT Biblioteca da Escola Superior de Contas do TCE/MT 02/11/2023   342.71 C425a BIBTCEMT23110072 02/11/2023 Ex. 1 02/11/2023 Livros

Powered by Koha